[Event "Calcutta op"]
[Site "Calcutta"]
[Date "1996.??.??"]
[Round "6"]
[White "Ravi, Lanka"]
[Black "Volzhin, Alexander"]
[Result "1/2-1/2"]
[WhiteElo "2390"]
[BlackElo "2485"]

1.d4 Nf6 2.Nf3 e6 3.c4 b6 4.Nc3 Bb7 5.a3 d5 6.Bg5 Nbd7 7.cxd5 exd5 8.Ne5 Be7
9.Qa4 O-O 10.Nc6 Qe8 11.Nxe7+ Qxe7 12.e3 h6 13.Bh4 c5 14.Be2 cxd4 15.Qxd4 g5
16.Bg3 Nc5 17.Rd1 Nce4 18.Be5 Rfe8 19.Bxf6 Qxf6 20.Qxf6 Nxf6 21.O-O Rac8
22.Bd3 Bc6 23.Ne2 Ba4 24.Rc1 Ne4 25.b4 Nd2 26.Ba6 Rcd8 27.Rfe1 Nc4 28.Nc3 Bc6
29.Nxd5 Bxd5 30.Bxc4 Bxc4 31.Rxc4 Rd3 32.Ra1 Red8 33.h4 R8d5 34.hxg5 hxg5
35.g4 Kg7 36.a4 Rd1+ 37.Rxd1 Rxd1+ 38.Kg2 a6 39.a5 bxa5 40.bxa5 Rd5 41.Ra4 Kf6
42.Kf3 Ke5 43.Ke2 Ke6 44.f4 gxf4 45.exf4 Kf6 46.Ke3 Kg6 47.Kf3 Rb5 48.Kg3 f6
49.Kh4 Kh6 50.Ra1  1/2-1/2

[Event "Cappelle op"]
[Site "Cappelle la Grande "]
[Date "1996.??.??"]
[Round "7"]
[White "Gretarsson, Helgi Ass"]
[Black "Petrik, Tomas"]
[Result "1-0"]
[WhiteElo "2450"]
[BlackElo "2180"]

1.d4 Nf6 2.c4 e6 3.Nf3 b6 4.Nc3 Bb7 5.a3 d5 6.cxd5 Nxd5 7.Nxd5 Bxd5 8.Qc2 Be7
9.e4 Bb7 10.Bb5+ c6 11.Bc4 O-O 12.O-O c5 13.d5 exd5 14.exd5 Bxd5 15.Rd1 Bxc4
16.Rxd8 Rxd8 17.Bg5 Bd3 18.Qa4 f6 19.Ne5 fxe5 20.Bxe7 Rd7 21.Bd6 Bf5 22.Qb3+ Kh8
23.Qf3 Nc6 24.Qxc6 Rad8 25.Rd1 h6 26.Rd2 e4 27.Be5  1-0

[Event "CZE-chT2c 9596"]
[Site "CZE"]
[Date "1996.??.??"]
[Round "11"]
[White "Mikulcik, Ladislav"]
[Black "Klima, Lukas"]
[Result "0-1"]
[WhiteElo "2305"]
[BlackElo "2270"]

1.d4 Nf6 2.Nf3 e6 3.c4 b6 4.Nc3 Bb4 5.e3 Ba6 6.Bd3 O-O 7.a3 Bxc3+ 8.bxc3 d5
9.cxd5 Bxd3 10.Qxd3 exd5 11.O-O Nbd7 12.c4 c6 13.Bb2 Qc7 14.Rac1 Qb7 15.Ne5 Rac8
16.Qf5 b5 17.c5 a5 18.g4 Nxe5 19.dxe5 Ne4 20.Rfd1 Qe7 21.Bd4 Rb8 22.f3 Ng5
23.h4 Ne6 24.g5 b4 25.axb4 axb4 26.Qd3 Rb5 27.e4 Rd8 28.Bf2 g6 29.exd5 Rxd5
30.Qc4 Nc7 31.Rxd5 Nxd5 32.f4 Qe6 33.Kh2 b3 34.Rb1 Rb4 35.Qd3 b2 36.f5 Qxf5
37.Qxf5 gxf5 38.Be1 Rb3 39.Kg2 Ne3+ 40.Kg1 Nc2  0-1

[Event "Decin op"]
[Site "Decin"]
[Date "1996.??.??"]
[Round "6"]
[White "Obodchuk, Andrei"]
[Black "Muhtarov, Leonid"]
[Result "1-0"]
[WhiteElo "2430"]
[BlackElo "2195"]

1.d4 Nf6 2.c4 e6 3.Nf3 b6 4.Nc3 Bb4 5.Bg5 h6 6.Bh4 Bxc3+ 7.bxc3 d6 8.Nd2 c5
9.e4 e5 10.d5 Nbd7 11.f3 Nf8 12.Bf2 Ng6 13.Be3 O-O 14.g3 Nh7 15.Bd3 Bh3 16.Qe2 Qd7
17.a4 a5 18.Kd1 f5 19.Kc2 Qe8 20.exf5 Bxf5 21.Ne4 Qd7 22.Kb3 Nf6 23.Nxd6 Bxd3
24.Qxd3 Qxd6 25.Qxg6 Qd7 26.Bxh6 Nh7 27.Bd2 Rxf3 28.Rhf1 Raf8 29.Rxf3 Rxf3
30.Qxb6 Rf6 31.Qxc5 Qb7+ 32.Kc2 Rb6 33.Bc1 Qb8 34.Qxa5 Rf6 35.Qc5 Qe8 36.a5 Qg6+
37.Kb3 Qd3 38.a6 Rf3 39.Bb2 Nf6 40.a7 Ne4 41.a8=Q+ Kh7 42.Qcc8 Nf6 43.Qh8+ Kg6
44.Qaf8  1-0

[Event "Asia-ch"]
[Site "Dubai"]
[Date "1996.??.??"]
[Round "?"]
[White "Magai, Vladimir"]
[Black "Mithrakanth, Poorna Sharma"]
[Result "1/2-1/2"]
[WhiteElo "2500"]
[BlackElo "2360"]

1.d4 Nf6 2.c4 e6 3.Nc3 b6 4.Nf3 Bb7 5.Bg5 Bb4 6.e3 h6 7.Bh4 Bxc3+ 8.bxc3 d6
9.Nd2 Nbd7 10.f3 e5 11.e4 Qe7 12.Bd3 g5 13.Bf2 h5 14.Qa4 Kf8 15.Qc2 h4 16.Nf1 Nh5
17.Ne3 Nf4 18.O-O-O Qf6 19.Ng4 Qg7 20.g3 Nxd3+ 21.Qxd3 Nf6 22.Nxf6 Qxf6 23.dxe5 dxe5
24.gxh4 gxh4 25.Rhg1 Rg8 26.Rxg8+ Kxg8 27.Qe3 Rd8 28.Rxd8+ Qxd8 29.Be1 Qf6
30.Qg1+ Qg7 31.Qxg7+ Kxg7 32.Bxh4 Ba6 33.Kd2 Bxc4 34.a3 f6 35.Ke3 a5 36.f4 exf4+
37.Kxf4 Kf7 38.e5 fxe5+ 39.Kxe5 a4 40.Bd8 b5 41.Bxc7  1/2-1/2

[Event "Asia-ch"]
[Site "Dubai"]
[Date "1996.??.??"]
[Round "?"]
[White "Ahundov, Ruslan"]
[Black "Sarwat, Walaa"]
[Result "1-0"]
[WhiteElo "2405"]
[BlackElo "2355"]

1.d4 Nf6 2.c4 e6 3.Nf3 b6 4.Nc3 Bb7 5.e3 Be7 6.Bd3 d5 7.O-O O-O 8.b3 Nbd7
9.Bb2 c5 10.cxd5 exd5 11.Rc1 Re8 12.dxc5 bxc5 13.Bf5 g6 14.Bh3 Rb8 15.Na4 Ne4
16.Bxd7 Qxd7 17.Nd2 Nxd2 18.Qxd2 Rbc8 19.Nxc5 Bxc5 20.Rxc5 Rxc5 21.Qd4 f6
22.Qxc5 a6 23.Qd4 Qe6 24.Qb4 Re7 25.Re1 Qe4 26.Bd4 Rc7 27.Rb1 Qe6 28.Qa5 Rc8
29.a4 Kf7 30.b4 f5 31.b5 h5 32.Qd2 Rc4 33.Ra1 Qe4 34.f3 Qc2 35.Qxc2 Rxc2
36.h4 Ke6 37.Rb1 Kd7 38.Kh2 axb5 39.axb5 Ke6 40.Kg3 Kd7 41.Ra1 Kc8 42.Rg1 Kd7
43.Kf4 Ke6 44.Kg5 Kf7 45.g4 fxg4 46.fxg4 Rf2 47.Kh6 hxg4 48.Rxg4 Ke6 49.Kxg6  1-0

[Event "Asia-ch"]
[Site "Dubai"]
[Date "1996.??.??"]
[Round "?"]
[White "Nenashev, Alexander"]
[Black "Momeni, Hadi"]
[Result "1-0"]
[WhiteElo "2595"]
[BlackElo "2295"]

1.d4 Nf6 2.c4 e6 3.Nf3 b6 4.Nc3 Bb7 5.a3 d5 6.Bf4 Bd6 7.Bg3 O-O 8.e3 c5 9.dxc5 bxc5
10.Be2 Nc6 11.cxd5 exd5 12.Nxd5 Bxg3 13.Nxf6+ Qxf6 14.hxg3 Qxb2 15.Rb1 Qc3+
16.Qd2 Qxd2+ 17.Kxd2 Rfd8+ 18.Kc3 Rab8 19.Rh5 Ne7 20.Bc4 Bxf3 21.Rxb8 Rxb8
22.gxf3 Rc8 23.f4 h6 24.Bd3 Rc6 25.Re5 Kf8 26.Bb5 Rc8 27.a4 f6 28.Re6 Nd5+
29.Kb3 Nb6 30.e4 Kf7 31.f5 g6 32.a5 gxf5 33.exf5 c4+ 34.Kc2 Nd5 35.Re4 Rc5
36.Bxc4 Kf8 37.a6 Nb6 38.Kb3 Rxf5 39.f4 Nxc4 40.Rxc4 Ra5 41.Rc6 Kg7 42.Rc7+ Kg6
43.Rxa7 h5 44.Ra8 Ra1 45.Kc4 Kf5 46.Kb5 Rb1+ 47.Kc6 Rc1+ 48.Kb7 Rb1+ 49.Ka7 Rg1
50.Rh8 Rxg3 51.Rxh5+ Kxf4 52.Rb5 Ra3 53.Kb6 f5 54.Ra5 Rb3+ 55.Kc7 Rc3+ 56.Kd7 Rh3
57.a7 Rh7+ 58.Ke6 Rh6+ 59.Kd5 Rh8 60.a8=Q Rxa8 61.Rxa8  1-0

[Event "Nord Cup 2nd"]
[Site "Duesseldorf"]
[Date "1996.??.??"]
[Round "4"]
[White "Ellers, Holger"]
[Black "Mueller, A."]
[Result "1-0"]
[WhiteElo "2310"]
[BlackElo "1900"]

1.d4 Nf6 2.c4 e6 3.Nf3 b6 4.Nc3 Bb7 5.Bg5 h6 6.Bh4 Be7 7.e3 d6 8.Bd3 Nbd7
9.Qc2 O-O 10.O-O Nh5 11.Bxe7 Qxe7 12.Be4 Bxe4 13.Qxe4 a6 14.b4 f5 15.Qc6 Ra7
16.Qa4 Rfa8 17.Rac1 Nhf6 18.Rfd1 Nb8 19.c5 b5 20.Qb3 d5 21.Ne5 c6 22.a4 Kh7
23.Ra1 Nfd7 24.Nd3 e5 25.dxe5 Nxe5 26.Nxe5 Qxe5 27.Ne2 Rb7 28.Nd4 Raa7 29.Qd3 g6
30.Ra3 bxa4 31.Rxa4 Re7 32.g3 Qe4 33.Qe2 g5 34.Qd2 h5 35.Ra3 h4 36.f3 Qe5
37.Qc2 hxg3 38.Nxf5 gxh2+ 39.Kg2 Rf7 40.Nd6+ Kg8 41.Nxf7 Rxf7 42.Rh1 Qf6
43.e4 Nd7 44.exd5 Ne5 45.Qb2 Rh7 46.Re3  1-0

[Event "RUS-ch U20"]
[Site "Ekaterinburg"]
[Date "1996.??.??"]
[Round "3"]
[White "Shariyazdanov, Andrey"]
[Black "Yemelin, Vasily"]
[Result "1/2-1/2"]
[WhiteElo "2480"]
[BlackElo "2495"]

1.d4 Nf6 2.c4 e6 3.Nf3 b6 4.Nc3 Bb4 5.Bg5 Bb7 6.e3 Bxc3+ 7.bxc3 d6 8.Bd3 Nbd7
9.O-O h6 10.Bh4 g5 11.Bg3 Ne4 12.Bxe4 Bxe4 13.Nd2 Bb7 14.e4 e5 15.Re1 h5
16.h3 f6 17.Nf1 Qe7 18.f3 h4 19.Bf2 Qe6 20.Ne3 Nf8 21.a4 a5 22.Rb1 Rd8 23.Qc2 Ba6
24.Nd5 Rh7 25.Qb3 Rhd7 26.Kh2 Bb7 27.Ne3  1/2-1/2

[Event "RUS-ch"]
[Site "Elista"]
[Date "1996.??.??"]
[Round "5"]
[White "Shariyazdanov, Andrey"]
[Black "Epishin, Vladimir"]
[Result "1/2-1/2"]
[WhiteElo "2470"]
[BlackElo "2620"]

1.d4 Nf6 2.c4 e6 3.Nf3 b6 4.Nc3 Bb7 5.a3 d5 6.Qc2 Be7 7.cxd5 exd5 8.g3 O-O
9.Bh3 Nbd7 10.O-O Ne4 11.Bf4 Ndf6 12.Nxe4 dxe4 13.Ne5 h6 14.Rac1 Bd6 15.Rfd1 Qe8
16.Qd2 Nd5 17.Bf5 Nxf4 18.gxf4 g6 19.Bh3 Rd8 20.Bg2 b5 21.Qe3 f5 22.f3 exf3
23.Bxf3 Bxf3 24.Qxf3 Kh7 25.Kh1 Rg8 26.b4 a6 27.Rg1 Rg7 28.e3 Qe6 29.h4 Rdg8
30.Rcf1 Qa2 31.Ra1 Qb3 32.Rg2 Qc3 33.Raa2 a5 34.bxa5  1/2-1/2

[Event "RUS-ch"]
[Site "Elista"]
[Date "1996.??.??"]
[Round "10"]
[White "Volzhin, Alexander"]
[Black "Balashov, Yuri S"]
[Result "1-0"]
[WhiteElo "2485"]
[BlackElo "2530"]

1.d4 Nf6 2.c4 e6 3.Nf3 b6 4.Nc3 Bb7 5.a3 Ne4 6.Nxe4 Bxe4 7.Nd2 Bb7 8.e4 d6
9.Bd3 Nd7 10.O-O g6 11.Nf3 Bg7 12.Bg5 f6 13.Be3 O-O 14.d5 Qe7 15.Nd4 Nc5
16.b4 Nxd3 17.Qxd3 Bc8 18.Rae1 e5 19.Nc6 Qe8 20.f4 Bd7 21.fxe5 fxe5 22.Rxf8+ Bxf8
23.b5 a6 24.Qb3 axb5 25.cxb5 h6 26.a4 g5 27.Nb4 Qg6 28.Bd2 Be7 29.Nc6 Bf6
30.a5 bxa5 31.Bxa5 Qf7 32.Qc3 Be8 33.Bb4 Qd7 34.Qh3 Qxh3 35.gxh3 Ra2 36.b6 cxb6
37.Bxd6 Bd7 38.Bxe5 Bxe5 39.Nxe5 Bxh3 40.Re3 Rg2+ 41.Kh1 g4 42.Re1 Rd2 43.Nc4 Rd4
44.Nxb6 Rb4 45.Nd7 Kf7 46.e5 g3 47.e6+ Ke7 48.hxg3 Rb2 49.Rd1 Re2 50.Nc5 Kd8
51.Rd4  1-0

[Event "RUS-ch"]
[Site "Elista"]
[Date "1996.??.??"]
[Round "11"]
[White "Aseev, Konstantin N"]
[Black "Skvortsov, A."]
[Result "1-0"]
[WhiteElo "2560"]
[BlackElo "2350"]

1.d4 Nf6 2.c4 e6 3.Nf3 b6 4.Nc3 Bb7 5.a3 d5 6.cxd5 Nxd5 7.e3 g6 8.Bb5+ c6
9.Bd3 Bg7 10.e4 Nxc3 11.bxc3 O-O 12.Bg5 Qc7 13.Qd2 c5 14.O-O Nc6 15.Be2 Na5
16.Qe3 Rfc8 17.Bh6 Bh8 18.Rad1 cxd4 19.cxd4 Qc2 20.Ng5 Rc3 21.Qf4 f6 22.Bg4 f5
23.Qd6  1-0

[Event "FIN-chT 9596"]
[Site "FIN"]
[Date "1996.??.??"]
[Round "3"]
[White "Rantanen, Yrjo A"]
[Black "Viljava, Tapani"]
[Result "1-0"]
[WhiteElo "2355"]
[BlackElo "2245"]

1.d4 Nf6 2.c4 e6 3.Nf3 b6 4.Nc3 Bb4 5.Bg5 Bb7 6.Nd2 h6 7.Bh4 d5 8.Qa4+ Nc6
9.cxd5 exd5 10.e3 a6 11.a3 Be7 12.Bd3 O-O 13.O-O Qd7 14.Rac1 Rfe8 15.b4 g6
16.Rc2 Nd8 17.Qb3 Ne6 18.Nf3 c5 19.bxc5 bxc5 20.Ne5 c4 21.Qb1 Qc8 22.Be2 Kg7
23.f4 Nf8 24.Bf3 Rb8 25.Qc1 Rd8 26.g4 Ng8 27.g5 h5 28.Rcf2 Qf5 29.Bd1 f6
30.gxf6+ Bxf6 31.Bxf6+ Nxf6 32.Bc2 Ne4 33.Rg2 Rd6 34.Bxe4 dxe4 35.Nxc4 Rc6
36.Ne5 Rc7 37.Qb2 Rbc8 38.Na4 Kh7 39.Nc5 Ba8 40.Rg5 Qh3 41.Rg3 Qf5 42.Rg5 Qh3
43.Qe2 Ne6 44.Rg3 Qf5 45.Rxg6 Nxc5 46.Rg5  1-0

[Event "FIN-chT 9596"]
[Site "FIN"]
[Date "1996.??.??"]
[Round "4"]
[White "Koskinen, Henri"]
[Black "Lassila, Erkki"]
[Result "0-1"]
[WhiteElo "2230"]
[BlackElo "2190"]

1.d4 Nf6 2.c4 e6 3.Nf3 b6 4.Nc3 Bb4 5.Bg5 Bb7 6.Qc2 h6 7.Bh4 g5 8.Bg3 Ne4
9.e3 Bxc3+ 10.bxc3 d6 11.Bd3 f5 12.O-O Nd7 13.d5 exd5 14.cxd5 Bxd5 15.Nd4 Qf6
16.Nb5 Kd8 17.Rad1 a6 18.Nd4 Ndc5 19.f3 Nxg3 20.hxg3 Nxd3 21.Qxd3 Kc8 22.Nxf5 Bxa2
23.Ra1 Qe6 24.Rf2 Bc4 25.Qd4 Kb7 26.e4 Bb5 27.Rb2 Qe5 28.Qe3 Bd7 29.g4 h5
30.Rab1 Qc5 31.Qxc5 dxc5 32.Rd2 Be6 33.gxh5 Rxh5 34.g4 Rh3 35.Rf1 Rah8 36.Kf2 Rh2+
37.Ke3 Rxd2 38.Kxd2 b5 39.Ng7 Bd7 40.e5 Rg8 41.Nf5 a5 42.Re1 Be6 43.Rh1 Rd8+
44.Kc2 a4 45.Ng7 Bb3+ 46.Kb1 Rd7 47.Nf5 Kb6 48.Rh6+ Ka5 49.e6 Rd1+ 50.Kb2 Rd2+
51.Kc1 Rc2+ 52.Kb1 a3 53.Rh1 a2+ 54.Ka1 Bxe6  0-1

[Event "FIN-chT 9596"]
[Site "FIN"]
[Date "1996.??.??"]
[Round "11"]
[White "Kanko, Ilkka"]
[Black "Raisa, Unto"]
[Result "1/2-1/2"]
[WhiteElo "2295"]
[BlackElo "2215"]

1.d4 Nf6 2.c4 e6 3.Nf3 b6 4.Nc3 Bb7 5.a3 d5 6.cxd5 Nxd5 7.e3 Nd7 8.Bd3 Nxc3
9.bxc3 g6 10.e4 Bg7 11.Bg5 Qc8 12.Qe2 O-O 13.O-O c5 14.Rac1 Qc7 15.Qe3 Rac8
16.e5 Qc6 17.Rfe1 Rfe8 18.Qf4 Qa4 19.Be4 Bxe4 20.Qxe4 Rc7 21.Nd2 Rec8 22.Ra1 cxd4
23.cxd4 h6 24.Be3 Qc2 25.Qh4 g5 26.Qg3 Qg6 27.f3 f5 28.exf6 Nxf6 29.h4 g4
30.Bf2 Qd3 31.Rad1 Qxa3 32.Rxe6 Rc1 33.Rde1 Rxe1+ 34.Bxe1 Qd3 35.Qf4 Nd5
36.Qxg4 Qxd4+ 37.Qxd4 Bxd4+ 38.Kh2 Kg7 39.Bg3 Rc2 40.Ne4 Ne3 41.Re7+ Kg6
42.Rxa7 Rxg2+ 43.Kh3 Rb2 44.Rd7 Nf5 45.Bf4 Be3 46.Be5 Rc2 47.Nf6 h5 48.Nh7 Bc5
49.Ng5 Rc4 50.Ne4 Bd4 51.Bf4 Bf6 52.Bg5  1/2-1/2

[Event "Eikrem mem"]
[Site "Gausdal"]
[Date "1996.??.??"]
[Round "2"]
[White "Harestad, Thor Geir"]
[Black "Olafsson, Helgi"]
[Result "0-1"]
[WhiteElo "2260"]
[BlackElo "2500"]

1.d4 Nf6 2.c4 e6 3.Nf3 b6 4.Nc3 Bb7 5.Bg5 h6 6.Bh4 g5 7.Bg3 Nh5 8.e3 Nxg3
9.hxg3 Bg7 10.g4 Qe7 11.Be2 Nc6 12.Qd2 O-O-O 13.O-O-O d5 14.cxd5 exd5 15.Qc2 Kb8
16.Kb1 Qe6 17.Ne1 Nb4 18.Qb3 c5 19.dxc5 bxc5 20.a3 Bxc3 21.bxc3 Na6 22.Nc2 Rd6
23.Kc1 Rc8 24.c4 Qf6 25.cxd5 c4 26.Qb2 c3 27.Qa2 Qxf2 28.Bf3 Nc5 29.Rhe1 Ba6
30.Qb1+ Rb6  0-1

[Event "Geneve op"]
[Site "Geneve"]
[Date "1996.??.??"]
[Round "4"]
[White "Maksimenko, Andrei"]
[Black "Grosar, Aljosa"]
[Result "0-1"]
[WhiteElo "2545"]
[BlackElo "2470"]

1.d4 Nf6 2.c4 e6 3.Nf3 b6 4.Nc3 Bb4 5.Bg5 h6 6.Bh4 Bxc3+ 7.bxc3 d6 8.Nd2 Bb7
9.f3 Nbd7 10.e4 Qe7 11.Be2 e5 12.Nf1 g5 13.Bf2 Nh5 14.Ne3 O-O-O 15.a4 a5
16.Qb3 Nf4 17.Bf1 g4 18.Nf5 Qf8 19.O-O-O h5 20.Kb2 Ne6 21.Bh4 Re8 22.Rd2 Ng7
23.Ne3 f5 24.Rf2 Rh7 25.Be2 Qh8 26.d5 Nc5 27.Qc2 f4 28.Nf1 Kb8 29.Nd2 Bc8
30.Nb3 Nxa4+ 31.Ka3 Nc5 32.Nxc5 dxc5 33.d6 Rh6 34.dxc7+ Kxc7 35.Rd1 Ne6 36.Qd3 Nd8
37.g3 fxg3 38.hxg3 Nb7 39.fxg4 hxg4 40.Rf7+ Kb8 41.Rdf1 Rg6 42.Bf6 Qh6 43.Kb3 Re6
44.Be7 Rxe7 45.Rxe7 Rd6 46.Qb1 Qe3 47.Bd1 Rd2 48.Rf8 a4+ 49.Kxa4 Qxc3 50.Rxc8+ Kxc8
51.Kb5 Qa5+  0-1

[Event "Oberliga Nord N9596"]
[Site "Germany"]
[Date "1996.??.??"]
[Round "?"]
[White "Wendt, Jan Dietrich"]
[Black "Hein, Andreas"]
[Result "0-1"]
[WhiteElo "2230"]
[BlackElo "2230"]

1.Nf3 Nf6 2.c4 e6 3.d4 b6 4.Nc3 Bb4 5.Qc2 Bb7 6.a3 Bxc3+ 7.Qxc3 c5 8.dxc5 bxc5
9.e3 O-O 10.Bd3 Ne4 11.Qc2 f5 12.O-O d6 13.Nd2 Nxd2 14.Bxd2 Nd7 15.f3 Qg5
16.Rae1 Ne5 17.Be2 Rf6 18.Rf2 Rh6 19.e4 f4 20.g3 Ng6 21.Rg2 Qf6 22.Bc3 e5
23.Rd1 Rh3 24.Qd3 Rd8 25.b4 fxg3 26.hxg3 Nf4 27.gxf4 Qh4 28.Rxg7+ Kxg7 29.Bxe5+ Kf7  0-1

[Event "BL2-S9596"]
[Site "Germany"]
[Date "1996.??.??"]
[Round "?"]
[White "Fahnenschmidt, Gerhard"]
[Black "Kabatianski, Alexandr"]
[Result "1/2-1/2"]
[WhiteElo "2400"]
[BlackElo "2445"]

1.d4 Nf6 2.c4 e6 3.Nf3 b6 4.Nc3 Bb7 5.a3 d5 6.cxd5 Nxd5 7.Qc2 Be7 8.Bd2 Nd7
9.e4 Nxc3 10.Bxc3 O-O 11.O-O-O c6 12.Bd3 Qc7 13.Kb1 Rfd8 14.d5 Nc5 15.dxe6 Nxe6
16.e5 h6 17.Bc4 c5 18.Bxe6 fxe6 19.Qg6 Qc6 20.Ka1 Rd5 21.Rxd5 Qxd5 22.Bd2 Kf8
23.Rc1 Bc6 24.Rc3  1/2-1/2

[Event "BL2-S9697"]
[Site "Germany"]
[Date "1996.??.??"]
[Round "?.1"]
[White "Pinter, Jozsef"]
[Black "Gavrikov, Viktor"]
[Result "1/2-1/2"]
[WhiteElo "2560"]
[BlackElo "2605"]

1.d4 Nf6 2.c4 e6 3.Nf3 b6 4.Nc3 Bb7 5.a3 d5 6.Qc2 Be7 7.cxd5 Nxd5 8.Bd2 Nxc3
9.Bxc3 Qd5 10.e3 Nd7 11.Rd1 O-O 12.Bd3 Nf6 13.O-O Rfc8 14.Rfe1 Ne4 15.Bxe4 Qxe4
16.Qxe4 Bxe4 17.Ne5 c5 18.f3 Bc2 19.Rd2 cxd4 20.Bxd4 f6 21.Nd3 Bb3 22.f4 Rc7
23.Rc1 Rac8 24.Rxc7 Rxc7 25.Kf2 h5 26.e4 Kf7 27.g3 Ba4 28.Ke3 Bb5 29.Rd1 Rc2
30.Rd2 Rc7 31.Rd1 Rd7 32.Rd2 Rc7  1/2-1/2

[Event "BL2-S9697"]
[Site "Germany"]
[Date "1996.??.??"]
[Round "?.1"]
[White "Sokolovs, Andrei"]
[Black "Zeller, Frank"]
[Result "1-0"]
[WhiteElo "2480"]
[BlackElo "2410"]

1.d4 Nf6 2.c4 e6 3.Nf3 b6 4.Nc3 Bb4 5.Bg5 Bb7 6.e3 h6 7.Bh4 Bxc3+ 8.bxc3 d6
9.Nd2 Nbd7 10.f3 Qe7 11.Bd3 e5 12.e4 Nf8 13.Nf1 Ng6 14.Bf2 Nf4 15.Ne3 O-O
16.O-O Nh7 17.Kh1 Qg5 18.Rg1 Rfe8 19.Bf1 Qh5 20.a4 Ng5 21.d5 Bc8 22.h4 f6
23.Kh2 Qf7 24.a5 Bd7 25.Rh1 Nh7 26.g3 Ng6 27.Bd3 Ne7 28.Qc2 Rf8 29.Kg2 g6
30.Ng4 Kg7 31.Be3 Ng8 32.Qd2 h5 33.Nh6 Qe7 34.Rhf1 f5 35.axb6 f4 36.Nxg8 Kxg8
37.b7 Rab8 38.gxf4 exf4 39.Bxf4 Qxh4 40.Bg3 Qh3+ 41.Kf2 Rxb7 42.Rg1 Qg4 43.Ke1 Qxf3
44.Bf2 Bg4 45.Bd4 Nf6 46.Rf1 Qg3+ 47.Bf2 Qg2 48.Bd4 Qxd2+ 49.Kxd2 Nd7 50.Rxf8+ Kxf8
51.Bxa7 Ne5 52.c5 Rb2+ 53.Ke3 Rh2 54.Bf1 Rc2 55.cxd6 cxd6 56.Bb8 Ke7 57.Ra7+ Nd7
58.e5 dxe5 59.Bxe5 Rb2 60.Bf4 Kf6 61.Ra6+ Kf7 62.Bd3 Nf6 63.Kd4 Rf2 64.Bg5 Bc8
65.Rc6 Bh3 66.c4 h4 67.Bxh4 Rf4+ 68.Ke5 Nxd5 69.Bd8 Nb4 70.Bxg6+ Kg7 71.Rc7+ Kxg6
72.Kxf4 Bg2 73.Ke3 Kf5 74.Rc5+ Ke6 75.Rg5 Bh1 76.Ba5 Nc6 77.Bc3 Ne7 78.Bb4 Nc6
79.Rg1 Nxb4 80.Rxh1 Nc6 81.Rg1 Kd6 82.Kd3  1-0

[Event "BL2-N9596"]
[Site "Germany"]
[Date "1996.??.??"]
[Round "?"]
[White "Lukacs, Peter"]
[Black "Tomczak, Rainer"]
[Result "1/2-1/2"]
[WhiteElo "2480"]
[BlackElo "2320"]

1.d4 Nf6 2.c4 e6 3.Nf3 b6 4.Nc3 Bb7 5.a3 Be7 6.d5 d6 7.e4 e5 8.Be2 Nbd7 9.O-O O-O
10.Be3 c5 11.Ne1 Ne8 12.Qd2 g6 13.Bh6 Ng7 14.Nd3 Ba6 15.b3 Bc8 16.Kh1 f5
17.f4 Bf6 18.Rae1 Rf7 19.Bf3 a6 20.g4 fxg4 21.Bxg4 Nf8 22.Bxc8 Rxc8 23.fxe5 dxe5
24.Rf3 Qd6 25.Ref1 Nd7 26.Nd1 Rcf8 27.Qf2 Qe7 28.Ne3 Bh4 29.Rxf7 Rxf7 30.Qxf7+ Qxf7
31.Rxf7 Kxf7 32.Ng4 Bf6 33.Kg2 Ne8 34.Kf3 Nd6 35.Be3 Bg7 36.Nb2 h5 37.Nf2 Bf6
38.b4 Nb7 39.Nfd3 Be7 40.Na4 g5 41.h3 Kf6 42.Bc1 a5 43.bxc5 Nbxc5 44.Ndxc5 Bxc5
45.Nxc5  1/2-1/2

[Event "Greenhills op"]
[Site "Greenhills"]
[Date "1996.??.??"]
[Round "4"]
[White "Calvo, Antonio"]
[Black "Unding, Hector"]
[Result "1-0"]
[WhiteElo "2220"]
[BlackElo "2305"]

1.d4 Nf6 2.c4 e6 3.Nf3 b6 4.Nc3 Bb7 5.a3 Ne4 6.Nxe4 Bxe4 7.Nd2 Bb7 8.e4 g6
9.Bd3 Bg7 10.Nf3 h6 11.Be3 d6 12.Qd2 Nd7 13.h3 Qe7 14.O-O e5 15.Bc2 g5 16.d5 O-O
17.g4 Qf6 18.Nh2 Qg6 19.f3 f6 20.Rf2 Rf7 21.Nf1 Nf8 22.Ng3 a5 23.Ba4 Qh7
24.Bc6 Bxc6 25.dxc6 Ng6 26.Nf5 Bf8 27.Qd5 Ne7 28.Nxe7+ Bxe7 29.h4 gxh4 30.Rh2 f5
31.exf5 Kh8 32.Bxh6 Rg8 33.Kh1 Rxf5 34.gxf5 Qxh6 35.Re1 Qf4 36.Qe4 Qg3 37.Qe2 Qf4
38.Qe3 Qxf5 39.Qh6+ Qh7 40.Qxh7+ Kxh7 41.Rg2 Rf8 42.Reg1 Rf7 43.Rg4 Kh6 44.Rg8 Kh7
45.Rc8 Bf6 46.Rg4 Kh6 47.Kg2 Kh7 48.b3 Kh6 49.Rgg8 Bg7 50.Rgd8 h3+ 51.Kxh3 Rxf3+
52.Kg2 Rxb3 53.Rxc7  1-0

[Event "SLO-ch"]
[Site "Grize"]
[Date "1996.??.??"]
[Round "?"]
[White "Soln, Primoz"]
[Black "Gostisa, Leon"]
[Result "0-1"]
[WhiteElo "2330"]
[BlackElo "2405"]

1.d4 Nf6 2.c4 e6 3.Nf3 b6 4.Nc3 Bb4 5.Bg5 Bb7 6.e3 h6 7.Bh4 c5 8.Bd3 cxd4
9.exd4 O-O 10.O-O Be7 11.Rc1 d6 12.Re1 Nbd7 13.Bb1 Re8 14.Qd3 Nf8 15.Bg3 Nh5
16.b3 Bf6 17.Ne4 Nxg3 18.hxg3 Rc8 19.g4 Bxe4 20.Qxe4 d5 21.cxd5 Rxc1 22.Rxc1 exd5
23.Qc2 g6 24.Qc6 Ne6 25.Rd1 Nxd4 26.Nxd4 Bxd4 27.g3 Re6 28.Qa4 Bc5 29.Bd3 Qf6
30.Qf4 Qxf4 31.gxf4 h5 32.gxh5 gxh5 33.Kg2 Kg7 34.Kf3 Rh6 35.Rg1+ Kf6 36.Rg5 h4
37.Rg2 Ke6 38.Rh2 Rh8 39.Bf1 Be7 40.Bh3+ Kd6 41.Rh1 b5 42.Rc1 b4 43.Rc8 Rxc8
44.Bxc8 Kc5 45.Ke3 Bf6 46.f3 Bb2 47.Bh3 Bc1+ 48.Kd3 Bxf4  0-1

[Event "Koop Tjuchem op"]
[Site "Groningen"]
[Date "1996.??.??"]
[Round "1"]
[White "Valens, Vincent"]
[Black "Grooten, Herman"]
[Result "0-1"]
[WhiteElo "2145"]
[BlackElo "2375"]

1.d4 Nf6 2.Nf3 e6 3.c4 b6 4.Nc3 Bb4 5.g3 Ba6 6.Bg2 Bxc4 7.Nd2 Bd5 8.Nxd5 exd5
9.O-O c6 10.Nb1 O-O 11.a3 Bd6 12.Nc3 Re8 13.Qd3 Be7 14.b4 b5 15.Bd2 a5 16.Na2 axb4
17.Nxb4 Ne4 18.Be1 Bf6 19.Nc2 Nd6 20.f3 Qe7 21.e3 Na6 22.a4 bxa4 23.Rxa4 Nc4
24.Rxc4 dxc4 25.Qxc4 Qe6 26.Qd3 Reb8 27.e4 Rb3 28.Qe2 Nc7 29.f4 Nb5 30.f5 Nxd4
31.Qf2 Qc4 32.Ne3 Qe2 33.Ng4  0-1

[Event "Koop Tjuchem op"]
[Site "Groningen"]
[Date "1996.??.??"]
[Round "1"]
[White "Kadimova, Ilaha"]
[Black "Jap Tjoen San, Linda"]
[Result "1-0"]
[WhiteElo "2415"]
[BlackElo "2190"]

1.d4 Nf6 2.c4 e6 3.Nf3 b6 4.Nc3 Bb7 5.a3 d5 6.Qa4+ c6 7.cxd5 Nxd5 8.e4 Nxc3
9.bxc3 Be7 10.Bd3 O-O 11.O-O c5 12.Rd1 Qc8 13.d5 exd5 14.exd5 Bf6 15.Qe4 g6
16.Bh6 Bxc3 17.Bxf8 Bxa1 18.Be7 Bg7 19.Qh4 Bxd5 20.Bf1 Qb7 21.Bc4 Bd4 22.Nxd4 cxd4
23.Rxd4 Nc6 24.Bxd5 Rc8 25.Bxc6 Qxc6 26.h3 Qc1+ 27.Kh2 Re8 28.Bf6 Qxa3 29.Qxh7+  1-0

[Event "Koop Tjuchem op"]
[Site "Groningen"]
[Date "1996.??.??"]
[Round "3"]
[White "Kadimova, Ilaha"]
[Black "Ruzele, Darius"]
[Result "1/2-1/2"]
[WhiteElo "2415"]
[BlackElo "2520"]

1.d4 Nf6 2.c4 e6 3.Nf3 b6 4.Nc3 Bb4 5.Bg5 Bb7 6.e3 h6 7.Bh4 Bxc3+ 8.bxc3 d6
9.Nd2 g5 10.Bg3 Qe7 11.f3 e5 12.e4 Nbd7 13.Bf2 Nf8 14.a4 Ng6 15.a5 O-O 16.Be2 Nf4
17.O-O N6h5 18.Re1 Nxe2+ 19.Qxe2 Nf4 20.Qf1 Bc6  1/2-1/2

[Event "Koop Tjuchem op"]
[Site "Groningen"]
[Date "1996.??.??"]
[Round "9"]
[White "Mikhalevski, Victor"]
[Black "Gurevich, Dmitry"]
[Result "1/2-1/2"]
[WhiteElo "2500"]
[BlackElo "2570"]

1.d4 Nf6 2.c4 e6 3.Nf3 b6 4.Nc3 Bb7 5.a3 g6 6.Bg5 Bg7 7.Qc2 d5 8.cxd5 exd5
9.e3 O-O 10.Be2 Qe7 11.O-O Nbd7 12.Rfd1 c6 13.Rac1 h6 14.Bh4 g5 15.Bg3 Nh5
16.Be5 f6 17.Bc7 f5 18.Ne5 Nxe5 19.Bxe5 Bxe5 20.dxe5 Ng7 21.f4 Ne6 22.g3 Rad8
23.Bf3 d4 24.Ne2 gxf4 25.gxf4 c5 26.Bxb7 Qxb7 27.Qb3 Qd5 28.Qxd5 Rxd5 29.Rd2 Rfd8
30.Rcd1 a6 31.exd4 cxd4 32.Rd3 Kf7 33.Kf2 a5 34.Kf3 Ke7 35.Ng3 Rf8 36.b4 axb4
37.axb4 Rd7 38.Rc1 Rd5 39.Ra1 Kd7 40.Ra7+ Kc6 41.Rh7 Rdd8 42.Rd1 Ra8 43.Rxh6 Kd5
44.Ne2 Ra3+ 45.Kf2 Ra2 46.Kf3 Ra3+ 47.Kf2 Ra2 48.Kf3  1/2-1/2

[Event "Helsinki We Ilves op"]
[Site "Helsinki"]
[Date "1996.??.??"]
[Round "5"]
[White "Yrjola, Jouni"]
[Black "Sammalvuo, Tapani"]
[Result "0-1"]
[WhiteElo "2460"]
[BlackElo "2325"]

1.d4 Nf6 2.c4 e6 3.Nf3 b6 4.Nc3 Bb4 5.Bg5 h6 6.Bh4 Bb7 7.e3 g5 8.Bg3 Ne4
9.Qc2 d6 10.Bd3 Bxc3+ 11.bxc3 f5 12.d5 Nc5 13.h4 g4 14.Nd4 Qf6 15.O-O Nba6
16.Nxe6 Nxe6 17.Bxf5 Ng7 18.Bg6+ Kd7 19.f3 Raf8 20.fxg4 Qe7 21.e4 Nc5 22.Rfe1 Rhg8
23.e5 dxe5 24.Rxe5 Qf6 25.Rae1 Ne8 26.Bxe8+ Rxe8 27.Rxe8 Rxe8 28.Qh7+ Re7
29.Rxe7+ Qxe7 30.Qxh6 Ne4 31.Qe6+ Qxe6 32.dxe6+ Kxe6 33.Bxc7 Ba6 34.Bb8 Bxc4
35.Bxa7 b5 36.Bd4 Be2 37.h5 Kf7 38.h6 Kg6 39.Bg7 Bxg4 40.Kf1 Be6 41.a3 Bg4
42.Ke1 Bh5 43.Kf1 Kh7 44.Ke1 Kg8 45.Be5 Bg4 46.Bd4 Kh7 47.Bg7 Bh5 48.Kf1 Kg6
49.Ke1 Bg4 50.Kf1 Nd2+ 51.Kf2 Nb1 52.Bf8 Nxc3 53.Ke3 Nd5+ 54.Ke4 Nf6+ 55.Kd4 Bd1
56.Bg7 Ng4 57.Bf8 Nxh6 58.Kc5 Ba4 59.Kd4 Nf5+ 60.Ke5 Kg5 61.Bc5 Kg4 62.Ke4 Bc2+
63.Ke5 Nh4 64.Kd4 Nxg2 65.Kc3 Ba4 66.Kd4 Kf3 67.Kd3 Nf4+ 68.Kc3 Ke4 69.Bf8 Nd5+
70.Kb2 Kd3 71.Bh6 Kc4 72.Bf8 Nf4 73.Be7 Nd3+ 74.Ka2 Kc3 75.Bf6+ Kc2 76.Bg7 Nc5
77.Bf8 Bb3+ 78.Ka1 Na4 79.Be7 Nc3 80.Bf6 Be6 81.Bg7  0-1

[Event "HUN-chT1 9596"]
[Site "HUN"]
[Date "1996.??.??"]
[Round "7"]
[White "Horvath, Gyula"]
[Black "Gyorkos, Lajos"]
[Result "0-1"]
[WhiteElo "2455"]
[BlackElo "2405"]

1.d4 Nf6 2.Nf3 e6 3.c4 b6 4.Nc3 Bb7 5.a3 d5 6.cxd5 exd5 7.g3 Be7 8.Qa4+ c6
9.Bg2 O-O 10.O-O Nbd7 11.Bf4 Re8 12.Ne5 Nxe5 13.Bxe5 Bf8 14.Rfd1 Ng4 15.Bf4 Qf6
16.Bf3 h5 17.h3 g5 18.Bxg5 Qxg5 19.hxg4 hxg4 20.Bg2 Re6 21.e4 dxe4 22.Nxe4 Qh5
23.d5 Rh6 24.Nc3 a5 25.Rd3 Ba6 26.Rad1 Re8 27.Qc2 cxd5 28.Ne2 Qh2+ 29.Kf1 Bc5
30.Nf4 Rf6 31.Bxd5 Rxf4 32.gxf4 g3  0-1